Национальный вопрос в освободившихся странах Востока: сборник статей

Bibliographic Details
Corporate Author: Академия наук СССР (АН СССР) Институт востоковедения (ИВ)
Other Authors: Празаускас А. А. (редактор)
Summary:Исключено из фонда НТБ ТПУ
Language:Russian
Published: Москва, Наука, 1986
Format: Book
KOHA link:https://koha.lib.tpu.ru/cgi-bin/koha/opac-detail.pl?biblionumber=87581

MARC

LEADER 00000nam0a2200000 4500
001 87581
005 20231031102248.0
035 |a (RuTPU)RU\TPU\book\94016 
090 |a 87581 
100 |a 20051212d1986 km y0rusy50 ca 
101 0 |a rus 
102 |a RU 
105 |a y z 001zy 
200 1 |a Национальный вопрос в освободившихся странах Востока  |e сборник статей  |f Академия Наук СССР; Институт востоковедения; под ред. А. А. Празаускаса 
210 |a Москва  |c Наука  |d 1986 
215 |a 264 с. 
333 |a Исключено из фонда НТБ ТПУ 
702 1 |a Празаускас  |b А. А.  |4 340 
712 0 2 |a Академия наук СССР (АН СССР)  |b Институт востоковедения (ИВ) 
801 1 |a RU  |b 63413507  |c 20051212  |g PSBO 
801 2 |a RU  |b 63413507  |c 20220211  |g PSBO 
942 |c BK